Operation research models and methods

সংরক্ষণ করুন:
গ্রন্থ-পঞ্জীর বিবরন
প্রধান লেখক: Jensen, Paul A.
বিন্যাস: গ্রন্থ
ভাষা:Undetermined
প্রকাশিত: John Wiley & sons, Inc 2003
বিষয়গুলি:
ট্যাগগুলো: ট্যাগ যুক্ত করুন
কোনো ট্যাগ নেই, প্রথমজন হিসাবে ট্যাগ করুন!
Thư viện lưu trữ: Trung tâm Học liệu Trường Đại học Cần Thơ
LEADER 00542nam a2200193Ia 4500
001 CTU_122343
008 210402s9999 xx 000 0 und d
082 |a 001.424 
082 |b J54 
100 |a Jensen, Paul A. 
245 0 |a Operation research models and methods 
245 0 |c Paul A. Jensen, Jonathan F. Bard 
260 |b John Wiley & sons, Inc 
260 |c 2003 
526 |a Vận trù học 
526 |b CN135 
650 |a Methodology,Research 
904 |i M.Loan 
980 |a Trung tâm Học liệu Trường Đại học Cần Thơ